00881nas a2200229Ia 4500001001100000003000900011008004100020040001300061040001300074041001300087100004500100210001700145222001700162245006400179250001100243260002900254501008600283300001700369362003300386500019600419650003600615R035/44084IT-RoPAU151124c99999999xx |||||||||||| ||und|| aIT-RoPAU cIT-RoPAU aITALIANO aCastelli PaologCodice Aut. SPICS: 8305 aSEGNO CINEMA aSegno Cinema aSEGNO CINEMA, ANNO 02-N.04 (GIUGNO 1982)bOltre Lo Specchio a1a ed. aVICENZAbCINEFORUMc1982 bPaulus - SPICS - Società San Paolo EM (non-commercial uses only)cCopyright2015 a4 p. [42-45] aANNO 002, N.04 (GIUGNO 1982) aNote Sul Iv Incontro Internazionale Cinema Delle Donne. Seguono Note Sullarassegna Cinematografica Dedicata al Cinema Delle Registe Tedesche Svoltasia Bologna: Riflessioni di Luisa De Martin. aCINEMAvPUBBLICAZIONE PERIODICA